000 00533cam a22002171 4500
001 sa 65000921
003 DLC
005 20260227112106.0
008 890510s1964 xx 000 0 beno
010 _asa 65000921
035 _a(OCoLC)23577900
040 _aDLC
_cMiU
_dDLC
042 _apremarc
050 0 0 _aBL1175.R36
_bG8
100 1 _aGupta, Pradyot.
245 0 0 _aRāṇī Rāsamaṇi.
260 _c[1964?]
300 _a112 p.
_bport.
_c23 cm.
500 _aRomanized.
600 0 0 _aRāṇī Rāsamaṇi,
_d1793-1861.
999 _c61812
_d61812